000 00312nam a2200109Ia 4500
008 180116s9999 xx 000 0 und d
020 _a9780815345374
100 _aMilo, Ron
245 _cRon Milo, Rob Phillips
_aCell Biology by the numbers /
260 _bTaylor & Francis Group Inc.
_c2016
300 _a356 pages
999 _c353216
_d353216